[Event "12th Arad Open 2019"]
[Site "Arad"]
[Date "2019.07.24"]
[Round "1.12"]
[White "Balan, Briana-Cleopatra"]
[Black "Petrisor, Adrian-Marian"]
[Result "0-1"]
[WhiteElo "1869"]
[BlackElo "2422"]
[Annotator "TA"]
[PlyCount "60"]
[EventDate "2019.07.24"]
[EventType "swiss"]
[EventCountry "ROU"]
[SourceTitle "playchess.com"]
[Source "ChessBase"]
[SourceQuality "1"]

{[%evp 9,60,-9,-4,-7,0,-3,0,-55,-55,-61,-60,-54,-67,-64,22,30,69,-62,-69,-73,-91,-95,-70,-70,-66,-63,-77,-62,-49,-62,-41,-36,-35,-37,-30,-99,-27,-27,0,-87,-84,-321,-349,-391,-389,-387,-379,-398,-394,-806,-815,-780,-776]} 1. e4 c5 2. Nc3 e6 3. f4 Nc6 4. Nf3 d5 5. Bb5 Nge7 6. d4 {B23: Closed Sicilian: Lines without g3} (6. exd5 exd5 7. Qe2 f6 8. Bxc6+ bxc6 9. d3 Kf7 10. O-O Nf5 11. Bd2 h5 12. Rae1 h4 13. Na4 Bd7 14. Qf2 d4 15. Qe2 {0-1 (36) Jones,G (2640)-Van Wely,L (2656) chess.com INT 2018}) 6... cxd4 7. Nxd4 a6 {[%cal Ba7a6,Ba6b5,Bb5b4][%mdl 32]} 8. exd5 (8. Bxc6+ $11 bxc6 9. Nb3) 8... axb5 $15 9. dxc6 bxc6 10. O-O $146 ({Predecessor:} 10. Be3 Bb7 11. O-O Nd5 12. Nxd5 Qxd5 13. Nb3 c5 14. Qxd5 Bxd5 15. Nxc5 Bxc5 16. Bxc5 {½-½ (25) Toth,M (2152)-Cabarkapa,N (2149) Backa Topola 2010}) 10... b4 11. Ne4 Qd5 ({Black should play} 11... Nd5 $15) 12. Re1 $1 $11 Ba6 13. Nb3 (13. a3 $1 $14) 13... Nf5 $15 14. a3 Bc4 $36 {[%mdl 2048] Black is on the roll.} 15. Nbd2 Bb5 16. Nf3 Qxd1 (16... Be7 {looks sharper.} 17. b3 Qxd1 18. Rxd1 Be2 19. Rd2 Bxf3 20. gxf3 bxa3 21. c3 Nh4) 17. Rxd1 Be2 18. Rd2 Bxf3 19. gxf3 bxa3 20. bxa3 Be7 21. a4 O-O 22. Bb2 (22. Rd7 $11 {keeps the balance.}) 22... Ne3 (22... Ra7 $17 23. Rd3 h6) 23. Bd4 $11 Nd5 24. Rg2 (24. Bc5 $11) 24... f6 25. Rg4 $2 {[#]} (25. a5 $17 {keeps fighting.}) 25... e5 $1 $19 {[%cal Re5d4][%mdl 512]} 26. fxe5 f5 $1 {[%csl LRe4,LRg4][%mdl 64] Double Attack} 27. Rg3 fxe4 28. fxe4 Nf4 {Hoping for ...Ne2+.} 29. Re3 $2 (29. Kh1) 29... Ne6 30. Rd3 Nxd4 {Accuracy: White = 43%, Black = 50%.} 0-1

[Event "12th Arad Open 2019"]
[Site "Arad"]
[Date "2019.07.24"]
[Round "1.13"]
[White "Zawadzka, Jolanta"]
[Black "Magold, Filip"]
[Result "1-0"]
[WhiteElo "2422"]
[BlackElo "1865"]
[Annotator "TA"]
[PlyCount "97"]
[EventDate "2019.07.24"]
[EventType "swiss"]
[EventCountry "ROU"]
[SourceTitle "playchess.com"]
[Source "ChessBase"]
[SourceQuality "1"]

{[%evp 11,97,25,27,-20,34,-6,47,44,59,41,53,35,52,37,44,60,41,38,22,-4,111,111,118,108,104,110,156,158,149,91,111,108,377,107,135,129,221,204,189,107,112,112,116,118,259,117,135,137,314,125,122,120,156,120,118,114,186,165,191,112,100,105,122,132,152,128,145,136,402,173,747,431,874,206,2211,2166,29993,29994,29995,29993,29995,29996,29996,29997,29997,29998,29998,29999]} 1. e4 c5 2. Nf3 e6 3. d4 cxd4 4. Nxd4 a6 5. Bd3 Qc7 6. Be3 Nf6 7. Qe2 {B42: Sicilian: Kan Variation: 5 Bd3} (7. O-O h5 8. h3 b6 9. c4 Bb7 10. Nc3 d6 11. Rc1 Nbd7 12. f4 Nc5 13. f5 e5 14. Nb3 Be7 15. Nd5 {0-1 (50) Michalik,P (2562)-Bilguun,S (2490) Biel 2018}) 7... Be7 (7... d5 $11 8. exd5 Nxd5) 8. Nd2 b6 $146 (8... d5 $11) ({Predecessor:} 8... d6 9. g4 e5 10. Nf5 Bxf5 11. gxf5 d5 12. Rg1 d4 13. Bg5 Nbd7 14. Bxf6 Bxf6 15. Bc4 {½-½ (67) Gonzalez Diaz,D (2306)-Tejedor Fuente,E (2260) Padron 2012}) 9. f4 $14 {White is slightly better.} d6 10. O-O-O Nbd7 11. Kb1 Bb7 12. g4 Nc5 {[%cal Rf6e4]} 13. Qg2 $36 {[%mdl 2048] Black is under pressure.} Rc8 14. g5 Nfd7 15. Rc1 Na4 (15... d5 $11) 16. c3 $16 b5 17. h4 Ndc5 18. Bc2 d5 19. e5 Nb6 20. Rhf1 (20. h5 $142) 20... g6 21. h5 Nca4 $2 {[%mdl 8192]} (21... Nc4 $16 {might work better.} 22. Nxc4 dxc4) 22. Bxa4 $2 (22. Qh3 $18 {hxg6 is the strong threat.} Kd7 23. Bf2) 22... Nxa4 23. Qh3 {Strongly threatening hxg6.} Rf8 (23... Kd7 $16) 24. hxg6 $1 $18 hxg6 25. N2b3 ({White should try} 25. f5 $1 $18 {[%cal Rf5g6]} gxf5 26. g6 $1 {[%mdl 512]}) 25... Nc5 $16 26. Nxc5 Bxc5 27. Rh1 Be7 (27... Qd7 $16) 28. Qg4 (28. f5 $1 $18) 28... Qc4 29. Qd1 Rb8 $2 (29... Qa4 $16 {was necessary.}) 30. Ka1 $2 (30. f5 $1 $18 {is the precise move to win.}) 30... Bc8 31. Nb3 Bd7 32. Qg1 Rc8 33. Qf2 Qa4 (33... d4 $16) 34. Bc5 $18 Qc4 {[%cal Re7c5]} 35. Bxe7 ({White should play} 35. Bb4 $18) 35... Kxe7 $16 36. Na5 Qc7 37. b4 $1 Rh8 {Hoping for ...Rxh1.} 38. Rh6 Rhd8 39. Qd4 Be8 $2 {[%mdl 8192] [#]} (39... Rg8 $16 40. Kb2 Qb8) 40. Kb2 (40. f5 $142 $1 {[%mdl 512] aiming for fxg6.} Rd7 (40... exf5 41. e6) 41. fxg6 fxg6 42. Qf4) 40... Qb8 $2 (40... Bd7 41. Rch1 Rg8) 41. Rch1 Bd7 {[#]} (41... Rc7 $142 42. f5 Kd7 43. fxe6+ fxe6) 42. Rh7 $2 (42. f5 $1 {[%mdl 512] Threatening mate with f6+.} Rg8 (42... exf5 43. Rxg6) 43. fxg6) 42... Be8 $2 {[#]} (42... Rf8 43. Qe3 Qc7) 43. f5 $1 $18 {[%mdl 576] Promotion} exf5 {[#]} 44. e6 $1 {[%mdl 576] Decoy. White mates.} Kxe6 45. Qf6+ Kd7 46. Rxf7+ Bxf7 47. Qxf7+ {[%mdl 64] Double Attack} Kd6 48. Qf6+ Kd7 49. Rh7+ {Accuracy: White = 49%, Black = 20%.} 1-0

[Event "12th Arad Open 2019"]
[Site "Arad"]
[Date "2019.07.24"]
[Round "1.14"]
[White "Pasti, Anna"]
[Black "Soltanici, Ruslan"]
[Result "0-1"]
[WhiteElo "1865"]
[BlackElo "2408"]
[Annotator "TA"]
[PlyCount "38"]
[EventDate "2019.07.24"]
[EventType "swiss"]
[EventCountry "ROU"]
[SourceTitle "playchess.com"]
[Source "ChessBase"]
[SourceQuality "1"]

{[%evp 15,38,25,38,30,40,-48,-43,-48,-46,-44,-51,-99,-90,-134,-131,-141,-141,-130,-142,-222,-172,-414,-400,-584,-575]} 1. e4 c5 2. Nf3 d6 3. d4 cxd4 4. Nxd4 Nf6 5. Nc3 a6 6. Be2 e6 7. Be3 Qc7 8. Qd2 b5 9. f3 {B84: Sicilian Scheveningen: 6 Be2 a6, lines without early Be3} Nbd7 10. a4 ({Better is} 10. a3 $14) (10. a3 h5 11. O-O-O Bb7 12. Kb1 Be7 13. h4 O-O 14. Bg5 Rfc8 15. Bd3 Rab8 16. Rh3 Ba8 {½-½ (69) Van Foreest,J (2617)-Fedoseev,V (2713) Hoogeveen 2018}) 10... b4 $15 11. Na2 {Black is slightly better.} d5 12. Nxb4 dxe4 13. Na2 $146 ({Predecessor:} 13. c3 Bb7 14. O-O Bd6 15. f4 O-O 16. Rad1 Be7 {0-1 (39) Smistik,M-Thorfinnsson,B Szeged 1994}) 13... Bb7 14. Nc3 Bb4 15. O-O O-O 16. Bf2 Rac8 17. Be1 (17. Bg3 $17 Qc5 18. Kh1) 17... Rfd8 {[#] Hoping for ...Ne5.} 18. Qe3 $2 (18. Bg3 {keeps fighting.} Qc5 19. Bf2) 18... Bc5 $19 19. f4 (19. Nxe4 {is a better defense.} Nxe4 20. fxe4) 19... Nb8 {Accuracy: White = 25%, Black = 84%.} 0-1

[Event "12th Arad Open 2019"]
[Site "Arad"]
[Date "2019.07.24"]
[Round "1.15"]
[White "Martinovici, Ilie"]
[Black "Ciungan, Diana-Alexandra"]
[Result "1-0"]
[WhiteElo "2407"]
[BlackElo "1862"]
[Annotator "TA"]
[PlyCount "55"]
[EventDate "2019.07.24"]
[EventType "swiss"]
[EventCountry "ROU"]
[SourceTitle "playchess.com"]
[Source "ChessBase"]
[SourceQuality "1"]

{[%evp 20,55,34,15,63,68,80,65,74,70,87,85,86,89,94,90,103,92,92,93,191,183,254,187,251,194,193,183,582,589,602,587,542,514,516,508,1206,1194]} 1. d4 Nf6 2. c4 e6 3. Nc3 c5 4. d5 exd5 5. cxd5 d6 6. e4 g6 7. f3 Bg7 8. Bg5 h6 9. Be3 O-O 10. Nge2 a6 11. a4 b6 {A65: Modern Benoni: 6 e4} (11... Nbd7 12. Qd2 Ne8 13. Nf4 Ne5 14. Be2 Nc7 15. O-O Bd7 16. a5 Qe8 17. Rac1 Kh7 18. b4 c4 19. Nb1 {0-1 (41) Shabalov,A (2550)-Jones,G (2647) Atlantic City 2016}) 12. Ng3 Qc7 $146 ({Predecessor:} 12... Re8 13. Be2 h5 14. O-O Nbd7 {0-1 (35) Benitah,Y (2428)-Mrdja,M (2401) Turin 2008}) 13. Be2 Nbd7 {White is slightly better.} 14. O-O Rb8 15. Rc1 Re8 16. Qd2 Kh7 17. b4 Ne5 18. b5 Ra8 19. h3 g5 (19... axb5 $16 {might work better.} 20. Nxb5 (20. Bxb5 Ba6 $14) 20... Qe7) 20. bxa6 $18 Bxa6 (20... Ng6 $142 21. Nb5 Qe7) 21. Nb5 Qd8 (21... Qd7 $142 22. Nf5 Rg8 23. Nbxd6 Bxe2 24. Qxe2 Bf8) 22. Nf5 Bf8 23. h4 gxh4 $2 {[#]} (23... Bc8 {is a better chance.}) 24. Bxh6 {White is clearly winning.} Ng8 {[%cal Rg8h6]} 25. Bxf8 Rxf8 26. Nbxd6 Bxe2 27. Qxe2 {[#] Hoping for f4.} Rxa4 (27... Qg5 $142 28. f4 Qg4) 28. f4 {Accuracy: White = 74%, Black = 30%.} 1-0

[Event "12th Arad Open 2019"]
[Site "Arad"]
[Date "2019.07.24"]
[Round "1.16"]
[White "Nagy, Gabor"]
[Black "Banzea, Alexandru-Bogdan"]
[Result "0-1"]
[WhiteElo "2474"]
[BlackElo "2405"]
[Annotator "TA"]
[PlyCount "52"]
[EventDate "2019.07.24"]
[EventType "swiss"]
[EventCountry "ROU"]
[SourceTitle "playchess.com"]
[Source "ChessBase"]
[SourceQuality "1"]

{[%evp 17,52,-41,-36,-99,0,0,53,56,86,90,73,0,0,0,0,0,6,-28,0,-64,-67,-119,-122,-197,-138,-163,-119,-315,-300,-281,-300,-958,-966,-898,-893,-837,-769]} 1. e4 c5 2. d4 cxd4 3. c3 Nf6 4. e5 Nd5 5. Qxd4 e6 6. Nf3 Nc6 7. Qe4 f5 8. exf6 Nxf6 9. Qh4 Be7 10. Bg5 {B22: Sicilian: 2 c3} (10. Bd3 $15) 10... O-O ({Black should try} 10... d5 $17 11. Nbd2 e5) 11. Bd3 $11 g6 (11... h6 $11) (11... h6 12. Bxh6 gxh6 13. Qg3+ Kh8 14. Qg6 Bd6 15. Qxh6+ Kg8 16. Qg6+ Kh8 17. Qh6+ Kg8 18. Qg6+ Kh8 {½-½ (18) Hamdouchi,H (2627)-Bauer,C (2682) Pau 2012}) 12. Nbd2 $14 {White is slightly better.} d5 13. O-O e5 {[#] Hoping for ...e4.} 14. Bc2 $146 (14. Rfd1 $16) ({Predecessor:} 14. c4 e4 15. cxd5 exd3 16. dxc6 bxc6 17. Qc4+ Qd5 18. Bxf6 Bxf6 {1-0 (75) Mufic,G (2288)-Lulic,I (2087) Rijeka 2012}) 14... e4 $11 15. Nd4 Nxd4 16. cxd4 Qb6 17. Nb3 a5 {White must now prevent ...a4.} 18. a4 (18. Nc5 $11) 18... Bf5 $36 {[%mdl 2048] Black fights for an advantage.} 19. g4 (19. Bd1 $15) 19... Bd7 $17 20. f3 (20. Bd1 $17 {was worth a try.}) 20... Rac8 (20... Rae8 $19 21. fxe4 dxe4) 21. Bd1 Bb4 22. fxe4 $2 {[#]} (22. Qh3 $17) 22... Nxe4 $19 23. Bf3 Bd6 24. Bd1 $2 (24. Bxe4 dxe4 25. Be7) 24... Rxf1+ {Black is clearly winning.} 25. Kxf1 Rf8+ 26. Kg2 Qa6 {Accuracy: White = 26%, Black = 50%.} 0-1

[Event "12th Arad Open 2019"]
[Site "Arad"]
[Date "2019.07.24"]
[Round "1.17"]
[White "Badelita, Beniamin"]
[Black "Stoleriu, George"]
[Result "0-1"]
[WhiteElo "1824"]
[BlackElo "2360"]
[Annotator "TA"]
[PlyCount "72"]
[EventDate "2019.07.24"]
[EventType "swiss"]
[EventCountry "ROU"]
[SourceTitle "playchess.com"]
[Source "ChessBase"]
[SourceQuality "1"]

{[%evp 9,72,18,12,-1,34,34,34,36,34,35,39,37,40,15,21,-12,-13,-11,-21,-45,-42,-34,-29,-17,-25,-38,-30,-16,0,-76,-78,-77,-64,-91,-102,-102,-59,-130,-111,-214,-6,-24,0,0,10,8,7,4,10,10,13,12,15,0,0,0,0,-408,-388,-393,-376,-365,-297,-453,-404]} 1. c4 e5 2. g3 Nc6 3. Bg2 g6 4. e3 (4. Nc3 Bg7 5. Rb1 a5 6. a3 d6 7. b4 axb4 8. axb4 Nf6 9. b5 Ne7 10. Nf3 O-O 11. O-O Bf5 12. d3 Qd7 13. Bg5 c6 14. bxc6 bxc6 15. c5 Ned5 16. Nxd5 Nxd5 17. Qc2 dxc5 {½-½ (58) Svidler,P (2753)-Yu,Y (2759) Shenzhen 2018}) 4... Bg7 5. Ne2 d6 6. d4 {A20: English Opening: 1...e5} Nge7 7. d5 Nb8 $1 {[%cal Bc6b8,Bb8d7,Bd7f6][%mdl 32]} 8. Nbc3 {White is slightly better.} O-O 9. O-O f5 10. e4 Nd7 11. Be3 Nf6 12. c5 $146 ({Predecessor:} 12. Qd2 Nxe4 13. Nxe4 fxe4 14. Bxe4 Bh3 {½-½ (34) Schubert,I-Pais,N (2040) Balatonalmadi 2013}) 12... fxe4 13. cxd6 cxd6 14. Bxe4 Nxe4 15. Nxe4 Bh3 16. Re1 Qd7 $36 {[%mdl 2048] Black has the initiative.} 17. Qd3 Bg4 18. N2c3 a6 19. f4 (19. Nd2 $11) 19... Nf5 $17 20. fxe5 Bxe5 ({Weaker is} 20... Nxe3 21. e6 $14) 21. Ng5 Nxe3 22. Rxe3 Qg7 {White must now prevent ...Bd4.} 23. Nf3 (23. Kg2 $15) 23... Bf6 {And now ...Bd8 would win.} 24. Rae1 {[#]} (24. Kg2 $17) 24... Qf7 $2 (24... Bd8 $1 $19 {Strongly threatening ...Bb6.} 25. Nd4 Bb6) 25. Ne4 $11 Be7 {[%cal Rg4f3]} 26. Kg2 Qf5 27. Nf2 Qxd3 28. Rxd3 Bxf3+ 29. Rxf3 Bf6 30. Re6 Bxb2 31. Rxd6 Rxf3 32. Kxf3 {KRB-KRN} Rf8+ 33. Ke3 $2 {[%mdl 8192]} (33. Kg2 $11) 33... Ba3 $19 34. Ne4 {[#] Threatens to win with Rb6.} Bxd6 35. Nxd6 Rd8 36. Nxb7 (36. Ne4 {was the only chance.}) 36... Rxd5 {Accuracy: White = 41%, Black = 46%.} 0-1

[Event "12th Arad Open 2019"]
[Site "Arad"]
[Date "2019.07.24"]
[Round "1.18"]
[White "Nester, Ihor"]
[Black "Baibarac, Niculae"]
[Result "1-0"]
[WhiteElo "2361"]
[BlackElo "1826"]
[Annotator "TA"]
[PlyCount "115"]
[EventDate "2019.07.24"]
[EventType "swiss"]
[EventCountry "ROU"]
[SourceTitle "playchess.com"]
[Source "ChessBase"]
[SourceQuality "1"]

{[%evp 9,115,63,87,95,111,110,110,122,180,182,160,168,170,160,160,147,142,138,149,143,133,113,168,147,138,142,150,133,115,76,79,77,157,157,157,157,150,151,166,165,160,158,191,181,176,152,178,163,157,156,201,198,224,209,222,224,202,215,206,160,183,147,174,182,234,231,231,229,202,202,191,163,257,267,295,282,29979,29980,29979,29981,29983,29984,29984,29985,29985,29986,29986,29987,29987,29988,29988,29989,29989,29990,29990,29991,29991,29992,29994,29994,29994,29995,29995,29996,29996,29997,29997,29998]} 1. Nf3 Nf6 2. c4 c5 3. Nc3 {[%cal Bb1c3,Bc3b5,Bb5c7][%mdl 32]} Nc6 4. d4 d6 (4... cxd4 5. Nxd4 e6 6. e4 Bb4 7. Nxc6 bxc6 8. Bd3 e5 9. O-O O-O 10. Qe2 Re8 11. Na4 d5 12. a3 Bd6 13. Bg5 h6 14. Bxf6 Qxf6 15. cxd5 cxd5 16. Nc3 d4 17. Nd5 Qg5 {½-½ (28) Carlsen,M (2835)-Gelfand,B (2673) St Petersburg 2018}) 5. dxc5 dxc5 6. Qxd8+ {A34: Symmetrical English: 2 Nc3, lines with ...d5} Nxd8 7. Nb5 {Threatens to win with Nc7+.} Ne6 8. Ng5 $1 {[%cal Rg5e6] White is better.} Rb8 $146 (8... Nxg5 $16 {keeps fighting.} 9. Bxg5 Kd8) ({Predecessor:} 8... Nxg5 9. Bxg5 Kd8 10. O-O-O+ Bd7 11. Bxf6 gxf6 12. g3 {½-½ (39) De Winter,E (1808)-Davidsson,O (1628) Reykjavik 2016}) 9. Nxe6 $18 ({Not} 9. Nxa7 Nd4 $11) 9... Bxe6 10. Bf4 Rd8 11. Nc7+ Kd7 12. O-O-O+ Kc8 13. Rxd8+ Kxd8 14. Nxe6+ fxe6 15. g3 {Black must now prevent Bh3.} Ne4 (15... e5 $16 {might work better.}) 16. Be3 b6 17. Bh3 Kd7 18. Rd1+ Nd6 19. Bf4 Rg8 20. Rd5 h6 (20... g5 $142 21. Rxg5 (21. Bxg5 Rxg5 {[%mdl 64] Remove Defender} 22. Rxg5 Bh6 $11) 21... Rxg5 22. Bxg5 Nxc4) 21. Re5 $36 {[%mdl 2048] White is on the roll.} Nf5 22. Bxf5 exf5 23. Rxf5 {[%mdl 4096] Endgame KRB-KRB} g6 24. Rd5+ Kc8 25. Be5 Bg7 26. Bxg7 Rxg7 $18 {KR-KR} 27. h4 Kc7 28. Kd2 e6 29. Rd3 a6 30. Ke3 b5 31. b3 g5 32. hxg5 Rxg5 33. Ke4 Rh5 34. cxb5 axb5 35. Rd2 Kc6 36. a4 bxa4 (36... b4 $142 37. Rd1 Rh2) 37. bxa4 {[%cal Bb3a4,Ba4a5][%mdl 32]} Rg5 38. Ra2 Kb6 39. a5+ Ka6 40. Ra3 Rd5 {[#]} (40... h5 $142 41. f4 Rf5) 41. f4 $1 h5 {[#]} 42. Rd3 $1 {[%cal Rd3d5]} Kxa5 $2 (42... Rf5 $18 43. Rd6+ Kxa5 44. Rxe6 Rf8) 43. Rxd5 {White mates.} exd5+ 44. Kxd5 {K3P-KPP} Kb4 45. f5 c4 46. f6 c3 47. f7 c2 48. f8=Q+ Kb3 49. Qc5 Kb2 50. Qb4+ Ka1 51. Qc3+ Kb1 52. Qb3+ Kc1 53. Kd4 h4 54. Kd3 {[%csl Gd3][%cal Rb3c2]} Kd1 55. Qxc2+ Ke1 56. Ke3 {[%cal Rc2c1]} Kf1 57. Kf3 {[%cal Rc2d1]} Kg1 58. gxh4 {Accuracy: White = 81%, Black = 68%.} 1-0

[Event "12th Arad Open 2019"]
[Site "Arad"]
[Date "2019.07.24"]
[Round "1.19"]
[White "Peptan, Corina-Isabela"]
[Black "Radulescu, Andrei"]
[Result "1-0"]
[WhiteElo "2375"]
[BlackElo "1844"]
[Annotator "TA"]
[PlyCount "63"]
[EventDate "2019.07.24"]
[EventType "swiss"]
[EventCountry "ROU"]
[SourceTitle "playchess.com"]
[Source "ChessBase"]
[SourceQuality "1"]

{[%evp 11,62,12,15,0,0,-7,0,-9,-3,-6,9,-7,0,0,0,0,0,-73,-29,-45,-44,-52,0,0,0,0,0,6,59,0,51,51,181,178,176,190,178,180,163,185,166,169,165,166,126,120,434,434,515,479,493,475,29999]} 1. d4 Nf6 2. c4 e6 3. Nf3 Bb4+ 4. Nbd2 d5 5. a3 Be7 6. e3 O-O 7. cxd5 {E11: Bogo-Indian} (7. Bd3 b6 8. O-O Nbd7 9. b3 Bb7 10. Bb2 c5 11. cxd5 exd5 12. Qe2 Re8 13. Rfd1 a6 14. Ne5 Bd6 15. Nxd7 Nxd7 16. Nf3 Qe7 17. h3 g6 18. dxc5 bxc5 {½-½ (26) Bareev,E (2650)-Kovalev,V (2687) Wijk aan Zee 2019}) 7... exd5 8. Bd3 Re8 9. Qc2 $146 {The position is equal.} ({Predecessor:} 9. O-O Bd6 10. Qc2 Bg4 11. h3 Bh5 12. Nh4 Nc6 13. b4 a6 14. Bb2 Ne4 15. Nf5 Nxd2 16. Qxd2 Bf8 17. Rae1 Bg6 18. f3 Qd7 19. g4 Rad8 20. Kg2 Ne7 {½-½ (20) Mihajlov,S (2360)-Gronn,A (2327) Tromsoe 2016}) 9... Bd6 10. b4 Bg4 11. Bb2 Nbd7 12. Nb3 Rb8 13. h3 Bh5 14. O-O-O (14. Nfd2 $11) 14... Ne4 15. Nc5 {[%cal Rc5e4]} Bg6 16. h4 {next h5 is good for White.} h6 ({Black should try} 16... Nef6 $15) 17. Nxd7 $11 Qxd7 18. Ne5 $1 $36 {[%cal Re5d7][%mdl 2048] White is pushing.} Bxe5 19. dxe5 {Hoping for Bxe4.} Qc6 (19... Qe6 $11) 20. Rhf1 (20. h5 $14 Bh7 21. Qxc6 bxc6 22. Bxe4 Bxe4 23. f3) 20... Qxc2+ (20... Qb6 $11) 21. Bxc2 $14 c6 {[#]} (21... Re6 $14) 22. g4 $1 $18 h5 {[#]} 23. gxh5 $1 Bxh5 24. f3 Ng3 25. Rf2 {Rg1 is the strong threat.} Bg6 26. Bxg6 fxg6 27. Rg1 Nf5 28. Rxg6 {aiming for e6.} Kh7 $2 {[%mdl 8192]} (28... Nxe3 $16 {is more resistant.} 29. h5 Kh7) 29. Rg5 Nxe3 30. Bd4 Nc4 31. Rfg2 Rg8 (31... g6 $18 32. Rxg6 Rg8) 32. Rh5# {Accuracy: White = 68%, Black = 32%.} 1-0

[Event "12th Arad Open 2019"]
[Site "Arad"]
[Date "2019.07.24"]
[Round "1.20"]
[White "Veress, Armand"]
[Black "Bogdan, Dan"]
[Result "0-1"]
[WhiteElo "1827"]
[BlackElo "2370"]
[Annotator "TA"]
[PlyCount "73"]
[EventDate "2019.07.24"]
[EventType "swiss"]
[EventCountry "ROU"]
[SourceTitle "playchess.com"]
[Source "ChessBase"]
[SourceQuality "1"]

{[%evp 10,73,25,33,14,22,29,7,11,24,8,12,5,11,6,10,24,25,29,25,39,33,49,34,39,0,0,0,123,139,146,141,127,45,24,55,96,62,60,7,145,140,149,78,72,75,56,-75,-6,-9,0,-162,-134,-259,-263,-203,-258,-343,-343,-325,-262,-501,-87,-253,-93,-128]} 1. e4 c5 2. Nf3 g6 3. c3 Bg7 4. d4 cxd4 5. cxd4 d5 6. e5 a6 {B27: Sicilian: 2 Nf3, unusual Black 2nd moves} (6... Nh6 7. Nc3 O-O 8. h3 f6 9. exf6 Rxf6 10. Bg5 Rf8 11. Bb5 Nf5 12. O-O Nc6 13. Bxc6 bxc6 14. Qd2 {1-0 (31) Vachier Lagrave,M (2780)-Sebenik,M (2540) chess.com INT 2019}) 7. Be2 Nc6 8. O-O Bg4 {The position is equal.} 9. Nbd2 e6 10. h3 $146 ({Predecessor:} 10. Nb3 Nge7 11. h3 Bxf3 12. Bxf3 Qb6 13. Be3 Nf5 14. Qd2 {0-1 (33) Ceres,D (2258)-Bogdan,D (2366) Tasnad 2018}) 10... Bxf3 $1 11. Nxf3 Nge7 12. Bf4 O-O 13. Qd2 $36 {[%mdl 2048] White has good play.} Qb6 14. Rad1 f6 15. exf6 Rxf6 16. Bg5 Rf7 17. g4 Raf8 18. Kg2 Rxf3 (18... Nc8 $11 {keeps the balance.}) 19. Bxf3 $16 Nxd4 20. Bxe7 Nxf3 21. Qb4 (21. Qc2 $16 Rf7 22. Rd3) 21... Qxb4 $14 22. Bxb4 Rf7 23. b3 Nh4+ 24. Kg3 (24. Kh1 $14) 24... g5 (24... Rf3+ $1 $11 {remains equal.} 25. Kh2 (25. Kxh4 g5+ 26. Kh5 Rxh3+ 27. Kxg5 Kf7 28. Kf4 e5+ 29. Kf5 Rf3+ 30. Kg5 Bf6+ 31. Kh6 Rh3#) 25... Be5+ 26. Kg1 Rxh3) 25. f4 $16 Rxf4 26. Rxf4 (26. Bd6 $142 $1 {[%cal Rd6f4]} Rxf1 27. Rxf1) 26... Be5 {[%mdl 64] Pin} 27. Bd2 {Strongly threatening Re1.} Ng6 {[%mdl 64] Pin} 28. Re1 (28. Kf3 $14 {keeps the upper hand.} gxf4 29. g5) 28... gxf4+ $17 {[%mdl 4096] Endgame KRB-KBN} (28... Bxf4+ $17 29. Bxf4 gxf4+ 30. Kf2 e5) 29. Kf3 $11 Kf7 30. g5 $2 (30. Rd1 $1 $11 {and White is okay.}) 30... Bd6 $19 31. Kg4 (31. Rd1 $17) 31... Ne5+ 32. Kh5 Nf3 $1 {[%cal Rf3d2]} 33. Re2 e5 $1 34. Bc3 d4 35. Kg4 $2 (35. Rf2 dxc3 36. Rxf3) 35... e4 $2 {[#]} ({Not} 35... dxc3 36. Kxf3 b5 37. Ke4 $17) (35... Ng1 $19 36. Re1 dxc3 37. Rxg1 Ba3) 36. Ba5 $2 {[#]} (36. Bxd4 $1 $17 {[%mdl 512]} Nxd4 37. Rxe4) 36... b6 $2 (36... d3 $1 $19 {[%cal Rd3e2] is more deadly.} 37. Rxe4 Nh2+ 38. Kf5 f3) 37. Rxe4 {Accuracy: White = 35%, Black = 52%.} ({Don't go for} 37. Bxb6 $2 d3 $19) 0-1